VCT Team by Classic Skin (2024) - Statistics

General Stats
  • This quiz has been taken 380 times
  • The average score is 30 of 44
Answer Stats
Picture Hint Answer % Correct
Pacific Paper Rex
87%
Americas Cloud9
84%
Americas LOUD
84%
Americas KRÜ Esports
83%
EMEA Fnatic
82%
China BiliBili Gaming
81%
Pacific DRX
81%
Americas Sentinels
80%
Americas Leviatán
79%
China EDward Gaming
75%
Americas NRG
75%
EMEA Team Vitality
75%
Americas 100 Thieves
74%
EMEA Gentle Mates
74%
Pacific T1
74%
EMEA Movistar KOI
73%
Americas Evil Geniuses
72%
Pacific Gen.G Esports
72%
EMEA BBL Esports
71%
China Dragon Ranger Gaming
70%
Pacific Global Esports
70%
Pacific Rex Regum Qeon
70%
EMEA Team Liquid
70%
Americas G2 Esports
69%
Pacific Detonation FocusMe
68%
Americas FURIA Esports
67%
Americas MIBR
66%
Pacific ZETA DIVISION
65%
EMEA Team Heretics
64%
EMEA Natus Vincere
63%
China Nova Esports
63%
Pacific Talon Esports
61%
China Trace Esports
61%
EMEA Karmine Corp
60%
China Wolves Esports
58%
EMEA GIANTX
56%
Pacific Bleed Esports
54%
China FunPlus Phoenix
54%
EMEA FUT Esports
54%
China Titan Esports Club
47%
Pacific Team Secret
45%
China All Gamers
43%
China JD Gaming
42%
China TYLOO
41%
No matching quizzes found
Score Distribution
Percent of People with Each Score
Percentile by Number Answered
Your Score History
You have not taken this quiz